Representaciones sociales y criminalización de la juventud en Culiacán, México, 1994 /

Guardado en:
Bibliografiske detaljer
Hovedforfatter: Bojórquez Luque, Jesús (Autor)
Andre forfattere: Leyva Romero, José Roberto (Autor)
Format: Bog
Sprog:Spanish
Tags: Tilføj Tag
Ingen Tags, Vær først til at tagge denne postø!

MARC

LEADER 00000nam a22000007a 4500
003 cru IIS
005 20220728155945.0
007 ta
008 220728s2020 cr |||p|r|||| 00| 0 spa d
040 |c cru IIS 
100 1 |9 6314  |a Bojórquez Luque, Jesús  |e Autor 
245 1 |a Representaciones sociales y criminalización de la juventud en Culiacán, México, 1994 /   |c Jesús Bojórquez Luque, José Roberto Leyva Romero 
300 |a páginas 61-74 :  |b ilustraciones 
700 1 |9 10638  |a Leyva Romero, José Roberto  |e Autor 
773 0 |0 18728  |9 7625  |a Universidad de Costa Rica.   |d San José, Costa Rica Editorial UCR 1959-  |o 23634  |t Revista de Ciencias Sociales/  |x 04825276 
942 |2 ddc  |c PP 
999 |c 44445  |d 44445